[Event "Global Chess League 2023"]
[Site "Dubai UAE"]
[Date "2023.06.24"]
[Round "3.6"]
[White "Sindarov, Javokhir"]
[Black "Nihal, Sarin"]
[Result "1/2-1/2"]
[WhiteTitle "GM"]
[BlackTitle "GM"]
[WhiteElo "2646"]
[BlackElo "2681"]
[WhiteTeam "Upgrad mumba masters"]
[BlackTeam "Chingari Gulf Titans"]
[WhiteFideId "14205483"]
[BlackFideId "25092340"]
[EventDate "2023.06.22"]

1. e4 c5 2. Nf3 d6 3. d4 cxd4 4. Nxd4 Nf6 5. Nc3 a6 6. h3 e5 7. Nb3 Be7 8. g4 h6
9. Be3 b5 10. a4 bxa4 11. Rxa4 Bd7 12. Ra1 Nc6 13. Nd5 O-O 14. Bg2 Nxd5 15. exd5
Nd4 16. Na5 f5 17. c3 Bb5 18. cxd4 f4 19. Nc6 Qe8 20. Bd2 exd4 21. Qf3 Bf6+ 22.
Kd1 d3 23. Re1 Qf7 24. Ra3 Bxb2 25. Rxd3 Rae8 26. Rb3 Ba4 27. Rxe8 Rxe8 28. Kc2
Bf6 29. Qd3 Qb7 30. Bf3 Qb6 31. Qc4 Bxb3+ 32. Qxb3 Qxf2 33. Kd1 Re3 34. Qb8+ Kh7
35. Qb1+ g6 36. Bh1 Qf1+ 37. Kc2 Qc4+ 38. Kd1 Rxh3 39. Be4 f3 40. Qb7+ Bg7 41.
Bxg6+ Kxg6 42. Qb1+ Kf7 43. Qf5+ Kg8 44. Qc8+ Kh7 45. Qf5+ Kg8 46. Qc8+ 1/2-1/2

[Event "Global Chess League 2023"]
[Site "Dubai UAE"]
[Date "2023.06.24"]
[Round "4.2"]
[White "Rapport, Richard"]
[Black "Grischuk, Alexander"]
[Result "0-1"]
[WhiteTitle "GM"]
[BlackTitle "GM"]
[WhiteElo "2752"]
[BlackElo "2736"]
[WhiteTeam "Ganges grandmasters"]
[BlackTeam "Upgrad mumba masters"]
[WhiteFideId "738590"]
[BlackFideId "4126025"]
[EventDate "2023.06.22"]

1. d4 Nf6 2. Bg5 d5 3. e3 c5 4. Bxf6 gxf6 5. Bb5+ Nc6 6. Ne2 Bd7 7. O-O e6 8.
Nd2 a6 9. Bxc6 Bxc6 10. dxc5 Bxc5 11. Nd4 Rc8 12. Rc1 f5 13. f4 Qf6 14. N2f3 O-O
15. c3 Kh8 16. Kh1 Rg8 17. Rg1 Rg7 18. g3 Qe7 19. Qd3 Be8 20. h3 f6 21. Rg2 Bh5
22. Rcg1 Rcg8 23. Nh2 Bg6 24. Ndf3 Ba7 25. Nh4 Qc5 26. N2f3 Bh5 27. Qd4 Qxd4 28.
exd4 b5 29. Re1 Bxf3 30. Nxf3 Rxg3 31. Rxg3 Rxg3 32. Ng1 Bb8 33. Rxe6 Bxf4 34.
Rxf6 Be3 35. Ne2 Rf3 36. Re6 f4 37. Nxf4 Bxf4 38. Rxa6 Bc1 39. Kg2 Rd3 40. Rd6
Bxb2 41. Rxd5 Bxc3 42. Rxb5 Rxd4 43. Rb3 Rc4 44. a4 Bb4 45. Rg3 Rc2+ 46. Kf3 Ra2
47. Rg4 Rxa4 48. Re4 Ra3+ 49. Kg4 Bf8 50. Re5 Kg8 51. h4 Bg7 52. Rf5 Ra6 53. Kh5
Bf6 54. Kg4 Kf7 55. Kh5 Kg7 56. Rb5 Ra4 57. Rb4 Ra5+ 58. Kg4 Kg6 59. Rc4 h5+ 60.
Kf3 Ra3+ 61. Kg2 Kf5 62. Rb4 Be5 63. Rb5 Rg3+ 64. Kh1 Rh3+ 65. Kg2 Rxh4 66. Rb3
Rh2+ 67. Kg1 Ra2 68. Rb5 Kf4 69. Rb4+ Kf3 70. Rb3+ Kg4 71. Rd3 Bf4 72. Rd8 Kf3
73. Rd3+ Be3+ 74. Kh1 Ra4 0-1

[Event "Global Chess League 2023"]
[Site "Dubai UAE"]
[Date "2023.06.24"]
[Round "4.3"]
[White "Dominguez Perez, Leinier"]
[Black "Vidit, Santosh Gujrathi"]
[Result "1/2-1/2"]
[WhiteTitle "GM"]
[BlackTitle "GM"]
[WhiteElo "2739"]
[BlackElo "2712"]
[WhiteTeam "Ganges grandmasters"]
[BlackTeam "Upgrad mumba masters"]
[WhiteFideId "3503240"]
[BlackFideId "5029465"]
[EventDate "2023.06.22"]

1. e4 c5 2. Nf3 e6 3. d4 cxd4 4. Nxd4 Nf6 5. Nc3 Nc6 6. Ndb5 Bb4 7. a3 Bxc3+ 8.
Nxc3 d5 9. Bd3 dxe4 10. Nxe4 Nxe4 11. Bxe4 Qxd1+ 12. Kxd1 Bd7 13. Be3 f5 14. Bd3
Ne5 15. Be2 Ng4 16. Bxg4 fxg4 17. Ke2 Bb5+ 18. Ke1 Bc6 19. Rg1 O-O 20. Rd1 a6
21. h3 gxh3 22. gxh3 Rad8 23. Rxd8 Rxd8 24. Rg4 e5 25. Ke2 Bb5+ 26. Kf3 Bc6+ 27.
Ke2 Bb5+ 28. Kf3 Bc6+ 1/2-1/2

[Event "Global Chess League 2023"]
[Site "Dubai UAE"]
[Date "2023.06.24"]
[Round "4.4"]
[White "Hou, Yifan"]
[Black "Koneru, Humpy"]
[Result "1/2-1/2"]
[WhiteTitle "GM"]
[BlackTitle "GM"]
[WhiteElo "2628"]
[BlackElo "2567"]
[WhiteTeam "Ganges grandmasters"]
[BlackTeam "Upgrad mumba masters"]
[WhiteFideId "8602980"]
[BlackFideId "5008123"]
[EventDate "2023.06.22"]

1. e4 e5 2. Nf3 Nf6 3. d3 Nc6 4. g3 g6 5. Bg2 Bg7 6. c4 d6 7. h3 h6 8. Nc3 Be6
9. Be3 Qd7 10. Qd2 Ng8 11. Rb1 a5 12. b3 Nd4 13. Bxd4 exd4 14. Nb5 c5 15. Qf4
Ra6 16. O-O g5 17. Qd2 Ne7 18. h4 g4 19. Nh2 Be5 20. a3 Nc6 21. Rb2 Kf8 22. Kh1
Kg7 23. Qe1 Kh7 24. f4 gxf3 25. Nxf3 Rg8 26. Nxe5 Nxe5 27. Rd2 Raa8 28. b4 axb4
29. axb4 b6 30. bxc5 bxc5 31. Bf3 Bh3 32. Bg2 Be6 33. Bf3 Bh3 34. Bg2 Be6 1/2-1/2

[Event "Global Chess League 2023"]
[Site "Dubai UAE"]
[Date "2023.06.24"]
[Round "4.5"]
[White "Khotenashvili, Bella"]
[Black "Dronavalli, Harika"]
[Result "0-1"]
[WhiteTitle "GM"]
[BlackTitle "GM"]
[WhiteElo "2470"]
[BlackElo "2510"]
[WhiteTeam "Ganges grandmasters"]
[BlackTeam "Upgrad mumba masters"]
[WhiteFideId "13602640"]
[BlackFideId "5015197"]
[EventDate "2023.06.22"]

1. Nf3 d5 2. g3 g6 3. Bg2 Bg7 4. c4 dxc4 5. Qa4+ Nc6 6. Qxc4 e5 7. d3 Nge7 8.
Bg5 h6 9. Bd2 Be6 10. Qc1 Qd7 11. h4 Nd5 12. Nc3 Nd4 13. Ne4 b6 14. Nc3 Rc8 15.
Nxd5 Bxd5 16. e4 Nxf3+ 17. Bxf3 Be6 18. Be2 h5 19. O-O O-O 20. Bc3 c5 21. f4 Bg4
22. Qe3 Bxe2 23. Qxe2 Rcd8 24. Rad1 exf4 25. Rxf4 Qh3 26. Qg2 Bd4+ 27. Bxd4
Qxg2+ 28. Kxg2 Rxd4 29. b3 Rfd8 30. Rf3 Rxe4 31. Rdf1 Re7 32. R1f2 f5 33. Rc2
Red7 34. Rc3 Kf7 35. Kf2 Kf6 36. Re3 Rd4 37. Ke2 R8d5 38. Kd2 f4 39. gxf4 Rxf4
40. Rc4 Rdd4 41. Rh3 Kf5 42. Ke3 Rg4 43. a4 Ke5 44. Rxd4 cxd4+ 45. Kf3 a5 46.
Rh1 Kd5 47. Kf2 Kc5 48. Rc1+ Kb4 49. Rc6 Kxb3 50. Rxb6+ Kxa4 51. Ke2 Ka3 52. Kd2
a4 53. Kc2 Rxh4 54. Rxg6 Rh2+ 55. Kc1 Kb3 56. Rb6+ Kc3 57. Kb1 a3 58. Ra6 a2+
59. Ka1 Rh1+ 60. Kxa2 Kxd3 61. Kb2 Kd2 62. Rg6 d3 63. Rg2+ Ke3 64. Rg3+ Ke2 65.
Rg2+ Kf3 66. Rd2 Ke3 67. Kc3 Rc1+ 0-1

[Event "Global Chess League 2023"]
[Site "Dubai UAE"]
[Date "2023.06.24"]
[Round "4.6"]
[White "Esipenko, Andrey"]
[Black "Sindarov, Javokhir"]
[Result "1/2-1/2"]
[WhiteTitle "GM"]
[BlackTitle "GM"]
[WhiteElo "2682"]
[BlackElo "2646"]
[WhiteTeam "Ganges grandmasters"]
[BlackTeam "Upgrad mumba masters"]
[WhiteFideId "24175439"]
[BlackFideId "14205483"]
[EventDate "2023.06.22"]

1. Nf3 Nf6 2. g3 g6 3. Bg2 Bg7 4. O-O O-O 5. d4 d5 6. c4 c6 7. Ne5 Nfd7 8. cxd5
cxd5 9. f4 Nb6 10. Nc3 Nc6 11. b3 f6 12. Nf3 Bg4 13. Ba3 Qd7 14. Bc5 Rfd8 15.
Qd3 Bxf3 16. Bxf3 e6 17. Rad1 f5 18. Bxb6 axb6 19. e3 Rdc8 20. Rc1 Bf8 21. Na4
Qd8 22. Be2 Ba3 23. Rc3 Bb4 24. Rc2 b5 25. Nc5 Bxc5 26. Rxc5 b6 27. Rcc1 Nb4 28.
Rxc8 Rxc8 29. Qd2 Qd6 30. Rc1 Rxc1+ 31. Qxc1 Nxa2 32. Qc8+ Kg7 33. Bxb5 Qb4 34.
Bf1 Qe1 35. Qxe6 Nc3 36. Qe7+ Kh6 37. Qg5+ Kg7 38. Qe7+ Kh6 1/2-1/2

[Event "Global Chess League 2023"]
[Site "Dubai UAE"]
[Date "2023.06.24"]
[Round "4.1"]
[White "Nepomniachtchi, Ian"]
[Black "Aronian, Levon"]
[Result "1/2-1/2"]
[WhiteTitle "GM"]
[BlackTitle "GM"]
[WhiteElo "2779"]
[BlackElo "2742"]
[WhiteTeam "Balan Alaskan knights"]
[BlackTeam "Triveni Continental Kings"]
[WhiteFideId "4168119"]
[BlackFideId "13300474"]
[EventDate "2023.06.22"]

1. d4 Nf6 2. c4 e6 3. Nc3 Bb4 4. e3 O-O 5. Bd2 d5 6. a3 Be7 7. Nf3 Nbd7 8. Qc2
Re8 9. Be2 dxc4 10. Bxc4 c5 11. O-O a6 12. a4 cxd4 13. exd4 Qc7 14. Bb3 b6 15.
Rac1 Bb7 16. Nd5 Nxd5 17. Qxc7 Nxc7 18. Rxc7 Bxf3 19. gxf3 Red8 20. Rfc1 Bf6 21.
Be3 Nf8 22. d5 Bxb2 23. R1c2 Be5 24. Rb7 b5 25. axb5 axb5 26. f4 Bf6 27. Rcc7
exd5 28. f5 b4 29. Bc5 Rac8 30. Rxc8 Rxc8 31. Bxb4 Rd8 32. Ba5 Rd7 33. Rxd7 1/2-1/2

[Event "Global Chess League 2023"]
[Site "Dubai UAE"]
[Date "2023.06.24"]
[Round "4.2"]
[White "Abdusattorov, Nodirbek"]
[Black "Yu, Yangyi"]
[Result "1-0"]
[WhiteTitle "GM"]
[BlackTitle "GM"]
[WhiteElo "2732"]
[BlackElo "2734"]
[WhiteTeam "Balan Alaskan knights"]
[BlackTeam "Triveni Continental Kings"]
[WhiteFideId "14204118"]
[BlackFideId "8603820"]
[EventDate "2023.06.22"]

1. e4 e5 2. Bc4 Nf6 3. d3 Bc5 4. Nf3 d6 5. Nc3 c6 6. O-O Bg4 7. a3 a5 8. Ba2
Nbd7 9. h3 Bh5 10. Qe2 b5 11. Be3 O-O 12. Bxc5 Nxc5 13. b4 Ne6 14. Qe3 Bxf3 15.
Qxf3 Nd4 16. Qd1 Qb6 17. Ne2 axb4 18. axb4 Nxe2+ 19. Qxe2 Qd4 20. Qe1 h6 21. g3
Ra4 22. Bb3 Rxa1 23. Qxa1 Qxb4 24. Qa6 Qc5 25. Re1 g6 26. Qb7 Kg7 27. Re3 h5 28.
Kg2 b4 29. Qe7 Ng8 30. Qc7 Nh6 31. Rf3 Qd4 32. Qxc6 g5 33. Qd7 g4 34. hxg4 hxg4
35. Re3 Ra8 36. Re1 Ra1 37. Rxa1 Qxa1 38. Qxd6 Qc3 39. Kf1 Ng8 40. Ke2 Nh6 41.
Qd8 Kg6 42. Qd5 Kg7 43. Qc4 Kf6 44. Qxc3 bxc3 45. Ke3 Ke7 46. d4 Kd6 47. Kd3 f5
48. Bc4 fxe4+ 49. Kxe4 exd4 50. Kxd4 Nf5+ 51. Kxc3 Ke5 52. Be2 Nd6 53. Kd3 Ne4
54. Ke3 Nf6 55. c4 1-0

[Event "Global Chess League 2023"]
[Site "Dubai UAE"]
[Date "2023.06.24"]
[Round "4.4"]
[White "Tan, Zhongyi"]
[Black "Lagno, Kateryna"]
[Result "1/2-1/2"]
[WhiteTitle "GM"]
[BlackTitle "GM"]
[WhiteElo "2523"]
[BlackElo "2552"]
[WhiteTeam "Balan Alaskan knights"]
[BlackTeam "Triveni Continental Kings"]
[WhiteFideId "8603642"]
[BlackFideId "14109336"]
[EventDate "2023.06.22"]

1. Nf3 d5 2. g3 Nf6 3. Bg2 c5 4. O-O h6 5. c4 d4 6. b4 Nc6 7. b5 Na5 8. d3 a6 9.
e3 axb5 10. cxb5 dxe3 11. Bxe3 e6 12. Nc3 Nd5 13. Nxd5 exd5 14. Re1 Be6 15. Bh3
Bd6 16. Rc1 b6 17. Bd2 Qf6 18. Bxe6 fxe6 19. Qe2 O-O 20. Qxe6+ Qxe6 21. Rxe6
Rxf3 22. Rxd6 Rxd3 23. Bxa5 Rxa5 24. Rxb6 c4 25. Rb8+ Kh7 26. b6 Rxa2 27. Rb1
Rdd2 28. b7 Rab2 29. Rxb2 Rxb2 30. Kf1 Kg6 31. Rd8 Rxb7 32. Rxd5 Rb2 1/2-1/2

[Event "Global Chess League 2023"]
[Site "Dubai UAE"]
[Date "2023.06.24"]
[Round "4.5"]
[White "Batsiashvili, Nino"]
[Black "Dzagnidze, Nana"]
[Result "1-0"]
[WhiteTitle "GM"]
[BlackTitle "GM"]
[WhiteElo "2470"]
[BlackElo "2510"]
[WhiteTeam "Balan Alaskan knights"]
[BlackTeam "Triveni Continental Kings"]
[WhiteFideId "13602993"]
[BlackFideId "13601903"]
[EventDate "2023.06.22"]

1. d4 Nf6 2. c4 e6 3. Nc3 Bb4 4. Nf3 d5 5. Bg5 h6 6. Bxf6 Qxf6 7. Qa4+ Nc6 8. e3
O-O 9. Rc1 Bd7 10. cxd5 exd5 11. Qb3 Qd6 12. Be2 a5 13. O-O Ne7 14. a3 Bxc3 15.
Rxc3 c6 16. Ne5 Bf5 17. Rfc1 f6 18. Nd3 Bxd3 19. Bxd3 Qd7 20. Qd1 f5 21. g3 Nc8
22. b4 axb4 23. axb4 Nd6 24. b5 cxb5 25. Rc7 Qe6 26. Qb3 Rfc8 27. Rxc8+ Rxc8 28.
Rxc8+ Nxc8 29. Qxb5 b6 30. h4 Kf7 31. Qa6 Ne7 32. Qa7 h5 33. Qb8 Qc6 34. Kg2 g6
35. Qd8 Ke6 36. Qh8 Kd7 37. Qe5 Qd6 38. Bb5+ Kc7 39. Kf3 Nc6 40. Qg7+ Kb8 41.
Qg8+ Kc7 42. Qf7+ Ne7 43. Qg7 Kd8 44. Qe5 Nc8 45. Qxd6+ Nxd6 46. Bc6 b5 47. Bxd5
Ke7 48. Kf4 Kf6 49. f3 b4 50. e4 fxe4 51. fxe4 Nb5 52. e5+ Ke7 53. Ke3 Nc7 54.
Bc4 Ne8 55. d5 Ng7 56. Bd3 1-0

[Event "Global Chess League 2023"]
[Site "Dubai UAE"]
[Date "2023.06.24"]
[Round "4.6"]
[White "Sadhwani, Raunak"]
[Black "Bjerre, Jonas Buhl"]
[Result "0-1"]
[WhiteTitle "GM"]
[BlackTitle "GM"]
[WhiteElo "2603"]
[BlackElo "2624"]
[WhiteTeam "Balan Alaskan knights"]
[BlackTeam "Triveni Continental Kings"]
[WhiteFideId "35093487"]
[BlackFideId "1444948"]
[EventDate "2023.06.22"]

1. e4 c5 2. Nf3 d6 3. d4 cxd4 4. Nxd4 Nf6 5. Nc3 a6 6. Qd3 e6 7. a4 Bd7 8. Be2
Nc6 9. O-O Be7 10. Nxc6 Bxc6 11. a5 O-O 12. Be3 Nd7 13. Qd2 Qc7 14. Rfd1 Rac8
15. f3 h6 16. Kh1 Rfe8 17. Qe1 Bf6 18. Ra3 Kh8 19. Qd2 d5 20. exd5 Bxd5 21. Bd3
Ne5 22. Bb6 Qc6 23. Be2 Bc4 24. f4 Bxe2 25. fxe5 Bxd1 26. exf6 Bh5 27. Ra4 e5
28. Rh4 Qxf6 29. Rxh5 Qf1+ 30. Bg1 Rcd8 31. Qe3 f6 32. Rh3 Qc4 33. Rf3 Qe6 34.
Rf1 f5 35. Qf3 Rd2 36. Rc1 e4 37. Qf4 e3 38. Re1 Qc6 39. Qg3 f4 40. Qg4 Rxg2 41.
Qxg2 f3 0-1

[Event "Global Chess League 2023"]
[Site "Dubai UAE"]
[Date "2023.06.24"]
[Round "4.5"]
[White "Shuvalova, Polina"]
[Black "Paehtz, Elisabeth"]
[Result "0-1"]
[WhiteTitle "IM"]
[BlackTitle "GM"]
[WhiteElo "2496"]
[BlackElo "2477"]
[WhiteTeam "Chingari Gulf Titans"]
[BlackTeam "SG Alpine Warriors"]
[WhiteFideId "24171760"]
[BlackFideId "4641833"]
[EventDate "2023.06.22"]

1. e4 e6 2. d4 d5 3. Nc3 Bb4 4. Ne2 dxe4 5. a3 Be7 6. Nxe4 Nd7 7. g3 Ngf6 8.
Nxf6+ Nxf6 9. Bg2 c5 10. O-O O-O 11. c4 cxd4 12. Qxd4 Qxd4 13. Nxd4 Rd8 14. Nb5
a6 15. Nc3 Ne8 16. Bf4 g5 17. Be3 Nd6 18. b3 Nf5 19. Bb6 Rd3 20. Rac1 Bxa3 21.
Rfd1 Rd7 22. Rb1 Be7 23. Ne4 Rb8 24. Ba7 Ra8 25. Bb6 Rb8 26. Bc5 Rxd1+ 27. Rxd1
Bxc5 28. Nxc5 Kf8 29. Rd8+ Ke7 30. Rh8 Nd6 31. Nd3 f6 32. c5 Nf7 33. Rg8 Nh6 34.
Rg7+ Nf7 35. Rg8 Nh6 36. Rg7+ Nf7 37. Rxh7 Bd7 38. h4 gxh4 39. Rxh4 a5 40. Rh7
Kf8 41. Be4 Kg8 42. Bg6 Be8 43. Nf4 Ne5 44. Bc2 Bf7 45. Kg2 f5 46. Rh1 Rc8 47.
Rd1 Rxc5 48. Rd8+ Kg7 49. Bd1 b5 50. Ra8 b4 51. Ra6 Nc6 52. Rb6 Rc3 53. Ne2 Rc5
54. Nf4 e5 55. Nh3 Bd5+ 56. Bf3 Bxf3+ 57. Kxf3 Nd4+ 58. Ke3 Rc3+ 59. Kd2 Nxb3+
60. Kd1 Nd4 61. Ng5 b3 62. f4 exf4 63. gxf4 a4 64. Rb4 a3 65. Kd2 a2 66. Ra4
Rc2+ 67. Kd3 b2 68. Ra7+ Kg6 69. Ra6+ Rc6 70. Kxd4 0-1

[Event "Global Chess League 2023"]
[Site "Dubai UAE"]
[Date "2023.06.24"]
[Round "4.6"]
[White "Nihal, Sarin"]
[Black "Praggnanandhaa, R"]
[Result "0-1"]
[WhiteTitle "GM"]
[BlackTitle "GM"]
[WhiteElo "2681"]
[BlackElo "2690"]
[WhiteTeam "Chingari Gulf Titans"]
[BlackTeam "SG Alpine Warriors"]
[WhiteFideId "25092340"]
[BlackFideId "25059530"]
[EventDate "2023.06.22"]

1. Nf3 Nf6 2. b3 d5 3. Bb2 e6 4. e3 b6 5. c4 Bb7 6. Nc3 Nbd7 7. Rc1 a6 8. cxd5
exd5 9. Ne2 g6 10. g3 Bg7 11. Bg2 O-O 12. O-O Re8 13. Rc2 a5 14. d3 a4 15. b4 a3
16. Bd4 Ba6 17. Qd2 Bf8 18. Rb1 c5 19. bxc5 bxc5 20. Ba1 Rb8 21. Rbc1 c4 22.
dxc4 dxc4 23. Nf4 Bg7 24. Qd6 Qa5 25. Bc3 Qa4 26. Ng5 Rb1 27. Qd2 Reb8 28. Bd5
Rxc1+ 29. Rxc1 Rf8 30. Bg2 h6 31. Nge6 fxe6 32. Nxe6 Rf7 33. Nxg7 Kxg7 34. e4
Qb5 35. Qd6 Qb6 36. Bxf6+ Rxf6 37. Qxd7+ Rf7 38. Qd2 Qb2 39. Rc2 Qa1+ 40. Rc1
Qb2 41. Rc2 Qa1+ 42. Bf1 Kh7 43. Qc3 Qb1 44. Kg2 Rc7 45. f3 Rb7 46. Bxc4 Rb2 47.
Rf2 Rxf2+ 0-1

[Event "Global Chess League 2023"]
[Site "Dubai UAE"]
[Date "2023.06.25"]
[Round "5.1"]
[White "Vachier-Lagrave, Maxime"]
[Black "Carlsen, Magnus"]
[Result "1-0"]
[WhiteTitle "GM"]
[BlackTitle "GM"]
[WhiteElo "2747"]
[BlackElo "2853"]
[WhiteTeam "Upgrad mumba masters"]
[BlackTeam "SG Alpine Warriors"]
[WhiteFideId "623539"]
[BlackFideId "1503014"]
[EventDate "2023.06.22"]

1. e4 e5 2. Nf3 Nc6 3. Bb5 Nf6 4. O-O Nxe4 5. d4 Nd6 6. Bxc6 dxc6 7. dxe5 Nf5 8.
Qxd8+ Kxd8 9. Nc3 Be6 10. Ne2 Bd5 11. Rd1 Ke8 12. Nfd4 Nxd4 13. Nxd4 a6 14. Bf4
Rc8 15. Rd2 c5 16. Ne2 Be6 17. Rad1 Be7 18. Nc3 g5 19. Be3 Rg8 20. Nd5 Bxd5 21.
Rxd5 c4 22. g4 Rg6 23. Kg2 Rd8 24. Rxd8+ Bxd8 25. h4 gxh4 26. Kh3 Re6 27. Bd4
Bg5 28. Bc3 b5 29. a3 f6 30. exf6 Bxf6 31. Bxf6 Rxf6 32. Rd2 c3 33. Re2+ Kf7 34.
b4 Rd6 35. Re3 Rd2 36. Rxc3 Rxf2 37. Kxh4 Kf6 38. Rxc7 Re2 39. Rc6+ Ke5 40. Kg5
Kd5 41. Rxa6 Rxc2 42. Rb6 1-0

[Event "Global Chess League 2023"]
[Site "Dubai UAE"]
[Date "2023.06.25"]
[Round "5.5"]
[White "Dronavalli, Harika"]
[Black "Paehtz, Elisabeth"]
[Result "1/2-1/2"]
[WhiteTitle "GM"]
[BlackTitle "GM"]
[WhiteElo "2510"]
[BlackElo "2477"]
[WhiteTeam "Upgrad mumba masters"]
[BlackTeam "SG Alpine Warriors"]
[WhiteFideId "5015197"]
[BlackFideId "4641833"]
[EventDate "2023.06.22"]

1. Nf3 Nf6 2. g3 g6 3. b3 Bg7 4. Bb2 O-O 5. c4 c6 6. Bg2 d5 7. O-O Re8 8. d4 Bf5
9. e3 Na6 10. Nc3 Nb4 11. Ne1 Bg4 12. Qd2 dxc4 13. bxc4 e5 14. Na4 Na6 15. Nf3
exd4 16. exd4 Ne4 17. Qc2 Nb4 18. Qb3 Bxf3 19. Bxf3 Nd2 20. Qxb4 Nxf3+ 21. Kg2
Nxd4 22. Rad1 b6 23. Bxd4 Bxd4 24. Qb3 Qf6 25. Qf3 Qxf3+ 26. Kxf3 c5 27. Rfe1
Rad8 28. g4 Kg7 29. h4 Kf6 30. Re2 Rxe2 31. Kxe2 Re8+ 32. Kf3 Re5 33. Rc1 h5 34.
Nc3 hxg4+ 35. Kxg4 Ke6 36. Nd5 Kd6 37. Rc2 b5 38. Nf4 b4 39. Rd2 Kc6 40. Nd3
Re4+ 41. f4 a5 42. h5 gxh5+ 43. Kxh5 Bc3 44. Rc2 a4 45. Kg4 Re3 46. Nc1 Bd4 47.
Rd2 Rc3 48. Nd3 Rxc4 49. Kf5 Rc3 50. Nxb4+ cxb4 51. Rxd4 Kc5 52. Rd7 Ra3 53.
Rc7+ Kd4 54. Rd7+ Kc3 55. Rc7+ Kb2 56. Rb7 Kc3 57. Rc7+ Kd4 58. Rb7 Kc5 59. Rc7+
Kb6 60. Rc2 Rf3 61. Ke4 Rf1 62. f5 Kb5 63. Ke5 b3 64. axb3 axb3 65. Rc7 Kb6 66.
Rc3 Rb1 67. Kf6 Kb5 68. Kxf7 Kb4 69. Rc8 Rf1 70. Rb8+ Kc3 71. f6 b2 72. Kg7 Rg1+
73. Kh7 b1=Q+ 74. Rxb1 Rxb1 75. f7 Rf1 76. Kg7 Rxf7+ 77. Kxf7 1/2-1/2

[Event "Global Chess League 2023"]
[Site "Dubai UAE"]
[Date "2023.06.25"]
[Round "5.6"]
[White "Sindarov, Javokhir"]
[Black "Praggnanandhaa, R"]
[Result "0-1"]
[WhiteTitle "GM"]
[BlackTitle "GM"]
[WhiteElo "2646"]
[BlackElo "2690"]
[WhiteTeam "Upgrad mumba masters"]
[BlackTeam "SG Alpine Warriors"]
[WhiteFideId "14205483"]
[BlackFideId "25059530"]
[EventDate "2023.06.22"]

1. e4 e5 2. Nf3 Nc6 3. Bc4 Bc5 4. Nc3 Nf6 5. d3 a6 6. Nd5 Nxd5 7. Bxd5 O-O 8.
O-O d6 9. c3 Qf6 10. a4 a5 11. h3 h6 12. Bb3 Ba7 13. Be3 Be6 14. Re1 Bxe3 15.
Rxe3 Rad8 16. Bxe6 Qxe6 17. d4 Ne7 18. Qe2 c6 19. Qc2 Ng6 20. Rd1 Rfe8 21. Kh2
Nf4 22. Rd2 Qc8 23. Qb3 Qc7 24. g3 Ne6 25. h4 exd4 26. cxd4 d5 27. e5 c5 28. Rc3
Qe7 29. Qb6 Nxd4 30. Nxd4 cxd4 31. Rxd4 Qxe5 32. Rcd3 Rd6 33. Qxa5 Rf6 34. Rd2
Qe1 35. Qxd5 Rxf2+ 36. Rxf2 Qxf2+ 37. Kh3 Re3 38. Rg4 Qf1+ 39. Qg2 Qf5 40. Qd2
Re4 41. Qd1 h5 0-1

[Event "Global Chess League 2023"]
[Site "Dubai UAE"]
[Date "2023.06.25"]
[Round "5.2"]
[White "Abdusattorov, Nodirbek"]
[Black "Mamedyarov, Shakhriyar"]
[Result "0-1"]
[WhiteTitle "GM"]
[BlackTitle "GM"]
[WhiteElo "2732"]
[BlackElo "2740"]
[WhiteTeam "Balan Alaskan knights"]
[BlackTeam "Chingari Gulf Titans"]
[WhiteFideId "14204118"]
[BlackFideId "13401319"]
[EventDate "2023.06.22"]

1. d4 Nf6 2. c4 g6 3. Nc3 d5 4. Bf4 Bg7 5. e3 O-O 6. Rc1 c6 7. Nf3 Be6 8. Ng5
Bg4 9. Qb3 Nh5 10. Bxb8 Rxb8 11. cxd5 e5 12. h3 Bd7 13. Nxf7 Rxf7 14. d6 b5 15.
d5 c5 16. Be2 Qh4 17. Nd1 c4 18. Rxc4 Qf6 19. O-O Qxd6 20. Rc2 b4 21. Bxh5 gxh5
22. e4 Kh8 23. Ne3 Qg6 24. Rc7 Qxe4 25. Rxa7 Bh6 26. Qc4 Qg6 27. Qc7 Re8 28. Qc2
Bf5 29. Qa4 Rxa7 30. Qxa7 Bxh3 0-1

[Event "Global Chess League 2023"]
[Site "Dubai UAE"]
[Date "2023.06.25"]
[Round "5.4"]
[White "Tan, Zhongyi"]
[Black "Kosteniuk, Alexandra"]
[Result "0-1"]
[WhiteTitle "GM"]
[BlackTitle "GM"]
[WhiteElo "2523"]
[BlackElo "2523"]
[WhiteTeam "Balan Alaskan knights"]
[BlackTeam "Chingari Gulf Titans"]
[WhiteFideId "8603642"]
[BlackFideId "4128125"]
[EventDate "2023.06.22"]

1. d4 Nf6 2. c4 e6 3. Nc3 Bb4 4. Nf3 b6 5. e3 Ne4 6. Qc2 Bb7 7. Bd3 f5 8. Nd2
Nxd2 9. Bxd2 Bxg2 10. Rg1 Bf3 11. Rxg7 Qh4 12. Nb5 Bxd2+ 13. Qxd2 Na6 14. Be2
Bb7 15. O-O-O O-O-O 16. Bd3 Qxh2 17. Nxa7+ Kb8 18. Nb5 Rhg8 19. Rxg8 Rxg8 20.
Kb1 h5 21. a4 h4 22. a5 h3 23. axb6 cxb6 24. c5 Rg1 25. Nd6 Bf3 26. Rc1 Qh1 27.
Rxg1 Qxg1+ 28. Ka2 h2 29. Bxa6 h1=Q 0-1

[Event "Global Chess League 2023"]
[Site "Dubai UAE"]
[Date "2023.06.25"]
[Round "5.5"]
[White "Batsiashvili, Nino"]
[Black "Shuvalova, Polina"]
[Result "1/2-1/2"]
[WhiteTitle "GM"]
[BlackTitle "IM"]
[WhiteElo "2470"]
[BlackElo "2496"]
[WhiteTeam "Balan Alaskan knights"]
[BlackTeam "Chingari Gulf Titans"]
[WhiteFideId "13602993"]
[BlackFideId "24171760"]
[EventDate "2023.06.22"]

1. d4 Nf6 2. c4 e6 3. Nc3 d5 4. Nf3 c5 5. cxd5 Nxd5 6. e4 Nxc3 7. bxc3 cxd4 8.
cxd4 Bb4+ 9. Bd2 Bxd2+ 10. Qxd2 O-O 11. Rd1 Bd7 12. Bd3 Ba4 13. Rb1 Nc6 14. e5
Qd5 15. O-O Rad8 16. Bc2 Nxd4 17. Nxd4 Bc6 18. Bxh7+ Kxh7 19. Qc2+ Qe4 20. Qxe4+
Bxe4 21. Rbd1 Rd5 22. Nf3 Bxf3 23. gxf3 Rfd8 24. Rxd5 Rxd5 25. Rc1 Rd7 26. Rc4
b5 27. Rh4+ Kg6 28. Rg4+ Kh6 29. Rh4+ Kg6 30. Rg4+ Kh7 31. Rh4+ Kg8 32. a4 Rd5
33. axb5 Rxb5 34. Ra4 a5 35. f4 Kh7 36. Kg2 Kg6 37. Kg3 Kf5 38. f3 f6 39. exf6
Kxf6 40. Rc4 Rb7 41. Ra4 Rb5 42. Rc4 Rb7 43. Ra4 Rb5 44. Rc4 Rb6 45. Ra4 Ra6 46.
Kf2 Ke7 47. Ke3 Ra8 48. Ke4 Kd6 49. f5 e5 50. f4 exf4 51. Kxf4 Ra6 52. Rd4+ Kc6
53. Kg5 a4 54. f6 gxf6+ 55. Kf5 Kc5 56. Rd1 a3 57. h4 Ra4 58. Ra1 Ra6 59. h5 Kb4
60. h6 Kb3 61. h7 Ra8 62. Kxf6 a2 1/2-1/2